<?xml version="1.0" encoding="UTF-8"?>
<record
    xmlns:xsi="http://www.w3.org/2001/XMLSchema-instance"
    xsi:schemaLocation="http://www.loc.gov/MARC21/slim http://www.loc.gov/standards/marcxml/schema/MARC21slim.xsd"
    xmlns="http://www.loc.gov/MARC21/slim">

  <leader>01850naa a22002651i 4500</leader>
  <controlfield tag="001">2821</controlfield>
  <controlfield tag="003">KOSZ 005</controlfield>
  <controlfield tag="005">20190606151713.0</controlfield>
  <controlfield tag="008">140602s2004    pl     f     |000 0 pol d</controlfield>
  <datafield tag="040" ind1=" " ind2=" ">
    <subfield code="c">BPK</subfield>
    <subfield code="d">KOSZ 005/ac</subfield>
  </datafield>
  <datafield tag="041" ind1=" " ind2=" ">
    <subfield code="a">eng</subfield>
    <subfield code="b">pol</subfield>
  </datafield>
  <datafield tag="044" ind1=" " ind2=" ">
    <subfield code="a">POL</subfield>
  </datafield>
  <datafield tag="080" ind1=" " ind2=" ">
    <subfield code="a">621.922/.924</subfield>
  </datafield>
  <datafield tag="100" ind1="1" ind2=" ">
    <subfield code="a">MAKUCH, S&#x142;awomir Jacek.</subfield>
    <subfield code="b">Politechnika Koszali&#x144;ska - Wydzia&#x142; Mechaniczny,</subfield>
    <subfield code="c">Katedra Mechaniki Precyzyjnej</subfield>
  </datafield>
  <datafield tag="245" ind1="3" ind2="1">
    <subfield code="a">Methods of precision polshing using new conceptions of grinding tools /</subfield>
    <subfield code="c">S&#x142;awomir Makuch, Wojciech Kacalak, Robert Cincio.</subfield>
  </datafield>
  <datafield tag="246" ind1="3" ind2="1">
    <subfield code="a">Metody precyzyjnego wyg&#x142;adzania z wykorzystaniem nowych koncepcji narz&#x119;dzi &#x15B;ciernych</subfield>
  </datafield>
  <datafield tag="500" ind1=" " ind2=" ">
    <subfield code="a">Dane z autopsji.</subfield>
  </datafield>
  <datafield tag="520" ind1=" " ind2=" ">
    <subfield code="a">Kszta&#x142;towanie powierzchni w obr&#xF3;bce bardzo dok&#x142;adnej wymaga niewielkiego zag&#x142;&#x119;bienia ostrza w materia&#x142; obrabiany - mikroskrawania. Artyku&#x142; przedstawia analiz&#x119; procesu mikroskrawania ziarnami &#x15B;ciernymi umieszczonymi na podatnym no&#x15B;niku z uwzgl&#x119;dnieniem typowej cechy tych narz&#x119;dzi polegaj&#x105;cej na lokalnym oddzia&#x142;ywaniu mi&#x119;dzy s&#x105;siednimi ziarnami podczas obr&#xF3;bki. W artykule zaprezentowano r&#xF3;wnie&#x17C; nowe koncepcje kszta&#x142;towania nieci&#x105;g&#x142;o&#x15B;ci czynnej powierzchni podatnych narz&#x119;dzi &#x15B;ciernych dla uzyskania okre&#x15B;lonych efekt&#xF3;w obr&#xF3;bki dotycz&#x105;cych struktury geometrycznej powierzchni a tak&#x17C;e wyniki symulacji matematycznych procesu wyg&#x142;adzania podatnymi narz&#x119;dziami &#x15B;ciernymi.</subfield>
  </datafield>
  <datafield tag="650" ind1=" " ind2="0">
    <subfield code="a">Skrawanie - narz&#x119;dzia i maszyny.</subfield>
  </datafield>
  <datafield tag="650" ind1=" " ind2="0">
    <subfield code="a">Szlifowanie</subfield>
  </datafield>
  <datafield tag="700" ind1="1" ind2=" ">
    <subfield code="a">KACALAK, Wojciech.</subfield>
    <subfield code="d">1996 - .</subfield>
    <subfield code="b">Politechnika Koszali&#x144;ska - Wydzia&#x142; Mechaniczny,</subfield>
    <subfield code="c">Katedra Mechaniki Precyzyjnej</subfield>
  </datafield>
  <datafield tag="700" ind1="1" ind2=" ">
    <subfield code="a">CINCIO, Robert.</subfield>
    <subfield code="d">2007 - .</subfield>
    <subfield code="b">Politechnika Koszali&#x144;ska - Wydzia&#x142; Mechaniczny,</subfield>
    <subfield code="c">Katedra Mechaniki Precyzyjnej</subfield>
  </datafield>
  <datafield tag="773" ind1="0" ind2=" ">
    <subfield code="i">W :</subfield>
    <subfield code="t">Elektronika. -</subfield>
    <subfield code="g">2004, R. 65, nr 8-9, s. 178-181</subfield>
  </datafield>
  <datafield tag="942" ind1=" " ind2=" ">
    <subfield code="c">ART</subfield>
    <subfield code="2">UKD</subfield>
  </datafield>
  <datafield tag="999" ind1=" " ind2=" ">
    <subfield code="c">2821</subfield>
    <subfield code="d">2821</subfield>
  </datafield>
  <datafield tag="952" ind1=" " ind2=" ">
    <subfield code="0">0</subfield>
    <subfield code="1">0</subfield>
    <subfield code="4">0</subfield>
    <subfield code="7">0</subfield>
    <subfield code="a">BPK</subfield>
    <subfield code="b">BPK</subfield>
    <subfield code="o">0674</subfield>
    <subfield code="y">ART</subfield>
  </datafield>
</record>
